| 000 | 01370cam a22003131i 4500 | ||
|---|---|---|---|
| 003 | SA-RiAUC | ||
| 005 | 20241203125901.0 | ||
| 008 | 241123s1996 ua f 001 0 ara c | ||
| 040 |
_aAE-AiULD _bara _cSA-RiAUC _erda |
||
| 043 | _af-ua--- | ||
| 050 | 4 | _bA68 1996 | |
| 050 | 0 | 0 | _bA2888. 1996 |
| 082 | 0 | 4 |
_a347.62 _qSA-RiAUC |
| 090 |
_a347.62 _b ا ب و س |
||
| 100 | 1 |
_aأبو سعد، محمد شتا _eمؤلف. |
|
| 245 | 1 | 0 |
_aقانون المحاماة رقم 17 لسنة 1983 المعدل بالقانون 98 لسنة 1992 : _bنصوص معلق عليها بأحكام القضاء وأهم آراء الفقهاء / _cمحمد شتا أبو سعد. |
| 264 | 1 |
_aالإسكندرية، مصر : _bدار المطبوعات الجامعية، _c1996 |
|
| 300 |
_a240 صفحة ؛ _c23 سم. |
||
| 336 |
_aنص _btxt _2rdacontent _3كتاب |
||
| 337 |
_aبدون وسيط _bn _2rdamedia |
||
| 338 |
_aمجلد _bnc _2rdacarrier |
||
| 490 | 1 | _aالمكتبة القانونية | |
| 500 | _aيشتمل على كشافات. | ||
| 500 | _aتوزيع المعاش للمستحقين. | ||
| 650 | 7 |
_aالمحاماة _xقوانين وتشريعات _zمصر _2aucsh |
|
| 830 | 2 | _aالمكتبة القانونية (دار المطبوعات الجامعية) | |
| 942 |
_2ddc _cBOOK _n0 |
||
| 949 |
_aSA-JeALM _d241123 _umohamedma123 _n1 |
||
| 999 |
_c2979 _d2979 |
||